Business history of India / (Record no. 17808)

MARC details
000 -LEADER
fixed length control field 00832nam a22002297a 4500
005 - DATE AND TIME OF LATEST TRANSACTION
control field 20081020163748.0
008 - FIXED-LENGTH DATA ELEMENTS--GENERAL INFORMATION
fixed length control field 081020t xxu||||| |||| 00| 0 eng d
010 ## - LIBRARY OF CONGRESS CONTROL NUMBER
LC control number ENG-84502
020 ## - INTERNATIONAL STANDARD BOOK NUMBER
International Standard Book Number 8178354977
020 ## - INTERNATIONAL STANDARD BOOK NUMBER
Terms of availability 690.00 (hb)
035 ## - SYSTEM CONTROL NUMBER
System control number EN-68035
082 ## - DEWEY DECIMAL CLASSIFICATION NUMBER
Classification number 650.09 / BUS
245 ## - TITLE STATEMENT
Title Business history of India /
Statement of responsibility, etc edited by Chittabrata Palit and Pranjal Kumar Bhattacharya
260 ## - PUBLICATION, DISTRIBUTION, ETC. (IMPRINT)
Place of publication, distribution, etc Delhi
Name of publisher, distributor, etc Kalpaz Publications
260 ## - PUBLICATION, DISTRIBUTION, ETC. (IMPRINT)
Date of publication, distribution, etc 2006
300 ## - PHYSICAL DESCRIPTION
Extent 308p
Dimensions 22cm
500 ## - GENERAL NOTE
General note Includes bibliographical references and index
700 ## - ADDED ENTRY--PERSONAL NAME
Personal name Bhattacharya, Pranjal Kumar
Titles and other words associated with a name ed
700 ## - ADDED ENTRY--PERSONAL NAME
Personal name Palit, Chittabrata
Titles and other words associated with a name ed
942 ## - ADDED ENTRY ELEMENTS (KOHA)
Source of classification or shelving scheme Dewey Decimal Classification
Koha item type English Books
Classification part 650.09
Call number suffix BUS
Holdings
Withdrawn status Lost status Source of classification or shelving scheme Damaged status Not for loan Home library Current library Date acquired Cost, normal purchase price Total Checkouts Full call number Barcode Date last seen Copy number Cost, replacement price Price effective from Koha item type
    Dewey Decimal Classification   Not For Loan D.B.Act.Division D.B.Act.Division 08/03/2007 690.00   650.09 BUS EN-68035 04/11/2008 1 690.00 04/11/2008 English Books

© Delhi Public Library
Hit Counter
free hit counter